History of socialism : (Record no. 5312)
[ view plain ]
| 000 -LEADER | |
|---|---|
| fixed length control field | 01272nam a22003132a 4500 |
| 001 - CONTROL NUMBER | |
| control field | 5312 |
| 003 - CONTROL NUMBER IDENTIFIER | |
| rucl marc code | UkOxU |
| 005 - DATE AND TIME OF LATEST TRANSACTION | |
| control field | 20211208234039.0 |
| 008 - FIXED-LENGTH DATA ELEMENTS--GENERAL INFORMATION | |
| fixed length control field | 131224s1969 enkacf b 001 0 eng d |
| 020 ## - INTERNATIONAL STANDARD BOOK NUMBER | |
| International Standard Book Number | 0710032803 |
| 035 ## - SYSTEM CONTROL NUMBER | |
| System control number | OCLC ocm00039043 from D960213M |
| 040 ## - CATALOGING SOURCE | |
| Original cataloging agency | DLC |
| Transcribing agency | DLC |
| Modifying agency | UKM |
| -- | EQO |
| -- | BD-Rju |
| Language of cataloging | eng |
| 041 ## - LANGUAGE CODE | |
| Language code of text/sound track or separate title | eng |
| 082 ## - DEWEY DECIMAL CLASSIFICATION NUMBER | |
| Classification number | 335.009 |
| Author mark and year | LAH |
| 100 1# - MAIN ENTRY--PERSONAL NAME | |
| Personal name | Laidler, Harry W. |
| Fuller form of name | (Harry Wellington), |
| Dates associated with a name | 1884-1970. |
| 9 (RLIN) | 16703 |
| 245 10 - TITLE STATEMENT | |
| Title | History of socialism : |
| Remainder of title | a comparative survey of socialism, communism, trade unionism, cooperation, utopianism, and other systems of reform and reconstruction / |
| Statement of responsibility, etc. | [by] Harry W. Laidler |
| 260 ## - PUBLICATION, DISTRIBUTION, ETC. (IMPRINT) | |
| Place of publication, distribution, etc. | London : |
| Name of publisher, distributor, etc. | Routledge & K. Paul, |
| Date of publication, distribution, etc. | 1968 [i.e. 1969] |
| 300 ## - PHYSICAL DESCRIPTION | |
| Pagination | xx, 970 p. |
| Illustrations | 16 plates, illus., ports. |
| Size | 24 cm |
| 490 1# - SERIES STATEMENT | |
| Series statement | International library of sociology and social reconstruction (Routledge & Kegan Paul) |
| 500 ## - GENERAL NOTE | |
| General note | 1944 and 1949 ed. published under title: Social-economic movements |
| 504 ## - BIBLIOGRAPHY, ETC. NOTE | |
| Bibliography, etc | Bibliography: p. 877-941 |
| 650 #0 - SUBJECT ADDED ENTRY--TOPICAL TERM | |
| Topical term or geographic name as entry element | Socialism |
| General subdivision | History |
| 9 (RLIN) | 10723 |
| Topical term or geographic name as entry element | Communism |
| General subdivision | History |
| 9 (RLIN) | 16704 |
| Topical term or geographic name as entry element | Utopias |
| 9 (RLIN) | 16705 |
| 830 #0 - SERIES ADDED ENTRY--UNIFORM TITLE | |
| Uniform title | International library of sociology and social reconstruction (Routledge & Kegan Paul) |
| 942 ## - ADDED ENTRY ELEMENTS (KOHA) | |
| Source of classification or shelving scheme | Dewey Decimal Classification |
| Koha item type | Books |
| Lost status | Source of classification or shelving scheme | Damaged status | Not for loan | Collection code | Permanent Location | Current Location | Shelving location | Date acquired | Source of acquisition | Cost, normal purchase price | Total Checkouts | Full call number | Date last seen | Copy number | Koha item type |
|---|---|---|---|---|---|---|---|---|---|---|---|---|---|---|---|
| Dewey Decimal Classification | Not For Loan | Non-fiction | Central Library, University of Rajshahi | Central Library, University of Rajshahi | 24/08/1970 | Zeitlinger | 90.00 | 335.009 LAH 1968 | 24/12/2013 | C-1 | Books |